000
00281nam a22001337a 4500
008
180814b xxu||||| |||| 00| 0 eng d
041
_a
eng
080
_a
616.8
082
_a
616.8
100
_a
7
101
_a
NEU
245
_a
Matters Gray & White
_c
Martin,R
942
_2
udc
_c
BK
999
_c
47118
_d
47118